000 00389cam a22001337a 4500
008 180718b1985 xxu||||| |||| 00| 0 eng d
082 _aI52 K527e
100 _aKhanna, K.K.
245 _aExecutive decision making: concepts and practices
_cby K.K. Khanna and Sandhya Tandan
260 _aDelhi
_bNational
_c1985
300 _a137p.
650 _aDecision making
700 _aTandan, Sandhya
999 _c348047
_d348047